| 000 | 00469nam a2200157Ia 4500 | ||
|---|---|---|---|
| 008 | 230312s9999||||xx |||||||||||||| ||und|| | ||
| 020 | _a81-297-1001-3 | ||
| 082 |
_a005.136 _bIRV-A |
||
| 100 | _aIrvine Kip , R. | ||
| 245 | 0 | _aAssembley Language for Intel -Based Computer | |
| 260 |
_bPearson Education _aDelhi _c2004 |
||
| 300 | _a738 | ||
| 546 | _aEng. | ||
| 650 |
_aComputer _vWelcom to assembly language , Virtual machine concept , Data Representation |
||
| 942 | _cBK | ||
| 999 |
_c3095 _d3095 |
||